000 00478nam a2200181Ia 4500
003 LK-CoDNM
008 010623t2000 xxu||||| |||| 00| 1 eng d
040 _aLK-CoDNM
_dLK-CoDNM
_eLK-CoDNM
041 _aeng
080 _a294.3NAR
100 _aNarada Thera
_etr.
245 _aThe Buddha Speaks to the positive man in the world
260 _bBuddhist Publication Society
_aKandy
_c2000
300 _bviii,32p, 18 cm
500 _aNo.14
650 _aBuddhism
942 _cBK
999 _c120140
_d120140